000
00324nam a2200133Ia 4500
008
200103s9999||||xx |||||||||||||| ||und||
040
_a
IMU-MPC
082
_a
Column-62
100
_a
Bogolyubov, S. and Voinov, A.
245
0
_a
Engineering Drawing
260
_b
Mir Publishers, Moscow
_c
1976
300
_a
335
942
_c
BK
999
_c
11220
_d
11220